000 00924nam a22002057a 4500
999 _c5023
_d5023
005 20251125232759.0
008 s2529 th tha d
040 _aNALT
041 _atha
050 _aJK421 ส4
100 0 _aสมบัติ จันทรวงศ์
245 1 0 _aมหาชนรัฐและประชาธิปไตย : ความคิดทางการเมืองอเมริกัน ค.ศ.1776-1800
260 3 _aกรุงเทพฯ :
_bมหาวิทยาลัยธรรมศาสตร์,
_c2529
300 _a414 หน้า
650 0 4 _aสหรัฐอเมริกา -- การเมืองและการปกครอง -- 1776--1800
850 _aNALT
856 4 0 _uhttps://hdl.handle.net/20.500.14156/337656
_71
942 _cGB
_2lcc
_01
998 _j111
_k นางสาวพจพิณ พรมเอี่ยม